| 000 | 00717nam a22001577a 4500 | ||
|---|---|---|---|
| 003 | OSt | ||
| 005 | 20151007150647.0 | ||
| 008 | 151007b xxu||||| |||| 00| 0 eng d | ||
| 040 | _cRUA | ||
| 082 | _aAVM MOE 2008 B080 Or.1 | ||
| 100 |
_92284 _a MOEK, KIMSRAS. |
||
| 245 | _aThe impact of forage extension project on cattle raising in prey chhor district, kampong cham province, ប្រសិទ្ធភាពនៃគំរោងផ្សព្វផ្សាយដំណាំចំណីសត្វលើការចិញ្ចឹមគោនៅស្រុកព្រៃឈរ ខេត្តកំពង់ចាម | ||
| 260 |
_aPhnom Penh _bRUA _c2008 |
||
| 300 |
_axi; 48p. _bill. _c29cm. |
||
| 942 |
_2ddc _cAVM |
||
| 999 |
_c2154 _d2154 |
||